The Addams Family Actors - Statistics

General Stats
  • This quiz has been taken 5 times
  • The average score is 13 of 27
Answer Stats
Hint Answer % Correct
Morticia Addams The Addams Family, The Addams Family Values Anjelica Huston
100%
Morticia Addams Wednesday (TV) Catherine Zeta-Jones
100%
Wednesday Addams The Addams Family, The Addams Family Values Christina Ricci
100%
Uncle Fester The Addams Family, The Addams Family Values Christopher Lloyd
100%
Gomez Addams The Addams Family, The Addams Family Values Raul Julia
100%
Morticia Addams The Addams Family (TV) Carolyn Jones
80%
Gomez Addams The Addams Family (TV) John Astin
80%
Uncle Fester The Addams Family (TV) Jackie Coogan
60%
Wednesday Addams Wednesday (TV) Jenna Ortega
60%
Debbie Jellinsky The Addams Family Values Joan Cusack
60%
Wednesday Addams The Addams Family (TV) Lisa Loring
60%
Lurch The Addams Family, The Addams Family Values, The Addams Family Reunion Carel Struycken
40%
Pugsley Addams The Addams Family, The Addams Family Values Jimmy Workman
40%
Pugsley Addams The Addams Family (TV) Ken Weatherwax
40%
Lurch The Addams Family (TV) Ted Cassidy
40%
Gomez Addams The Addams Family Reunion Tim Curry
40%
Isadora Capri Wednesday (TV) Billie Piper
20%
Morticia Addams The Addams Family Reunion Daryl Hannah
20%
Enid Sinclair Wednesday (TV) Emma Myers
20%
Aunt Ophelia Wednesday (TV) Eva Green
20%
Uncle Fester Wednesday (TV) Fred Armisen
20%
Principal Larissa Weems Wednesday (TV) Gwendoline Christie
20%
Pugsley Addams Wednesday (TV) Isaac Ordonez
20%
Rosaline Rotwood Wednesday (TV) Lady Gaga
20%
Gomez Addams Wednesday (TV) Luis Guzmán
20%
Principal Dort Wednesday (TV) Steve Buscemi
20%
Dr. Fairburn Wednesday (TV) Thandiwe Newton
20%
No matching quizzes found
Score Distribution
Percent of People with Each Score
Percentile by Number Answered
Your Score History
You have not taken this quiz